Statistiken für Dinge die mit U anfangen (Kenshin Edition)

Klicken Sie hier um das Quiz zu spielen!

Allgemein

  • Dieses Quiz wurde 178 mal gespielt
  • Das Durchschnittsergebnis liegt bei 10 aus 16

Antwortstatistiken

Antwort% Korrekt
Uhu
99%
Ukraine
99%
Ufo
97%
Ungarn
93%
Ukulele
92%
Usbekistan
87%
Ulm
86%
Uganda
83%
Uranus
75%
Universum
65%
Uppsala
44%
Uckermark
42%
Uri Geller
28%
Utrecht
28%
Udon
22%
Uiguristan
1%

Verteilung der Resultate

Perzentil nach korrekt beantworteten Fragen

Anzahl Personen mit jedem Resultat

Ihre Resultats-Entwicklung

Sie haben dieses Quiz noch nicht gespielt